000 00461nam a2200097Ia 4500
008 180130s9999 xx 000 0 und d
245 _cKlein, Stephanie R.; Huffman, Ann Hergatt
_aI-O psychology and environmental sustainability in organizations: a natural partnership
260 _c2013
300 _aBook title: Green organizations : driving change with I-O psychology--Acession number C18638; pages 3 - 16
650 _aBUSINESS ENTERPRISES--ENVIRONMENTAL ASPECTS
999 _c354591
_d354591